The Communication of Ideas : A Series of Addresses /

Uloženo v:
Podrobná bibliografie
Hlavní autor: Bryson, Lyman (edición)
Médium: Kniha
Jazyk:angličtina
Vydáno: Nueva York, EUA : Cooper Square, 1964, c1948
Edice:(Religion and Civilization Series)
Tagy: Přidat tag
Žádné tagy, Buďte první, kdo vytvoří štítek k tomuto záznamu!

MARC

LEADER 00000nam^a2200000^a^4500
001 000596021
005 20250529000000.0
009 20260310133057.787
037 |a Acervo ITESO - Biblioteca 
041 |a ING 
091 |a FCV. 00009 
100 |a Bryson, Lyman  |e (edición) 
245 1 4 |a The Communication of Ideas :  |b A Series of Addresses / 
246 2 |a Título en la cubierta: The Communication of Ideas 
264 4 |a Nueva York, EUA :  |b Cooper Square,  |c 1964, c1948 
300 |a IX, 296 p. 
336 |a texto  |b txt  |2 rdacontenido 
337 |a sin mediación  |b n  |2 rdamedio 
338 |a volumen  |b nc  |2 rdasoporte 
440 1 |a (Religion and Civilization Series) 
561 |a Ex libris manuscrito de Juan José Coronado Villanueva S.J., Stanford, California, EUA, junio de 1976 
649 |a XX 
910 |a Fondo Juan José Coronado Villanueva S.J. 
920 |a Impresos - Libros 
930 |a Fondos Especiales 
905 |a 144 
901 |a 596569-10  |b IT2  |c ESP  |i D77053  |u 20250521 
902 |a https://opac.biblio.iteso.mx/vufind/Record/000596021